000 00959nam a2200241Ia 4500
003 OSt
005 20220923221121.0
006 a|||||r|||| 00| 0
007 ta
008 220922b |||||||| |||| 00| 0 hin d
024 _a195,362
037 _cTextual
040 _aARTS
_cARTS
_bhin
041 _2hin
_ahin
082 _aR3xK85:1, 152K5
100 _aबर्कले, जार्ज; भगवानबख्शसिंह, अनु.
_9165104
245 0 _aमाानवीय ज्ञान के सिद्वान्त
_b प्रथम भाग तथा संवाद
246 _aMāānavīya jnyān ke sidvānta: pratham bhāg tathā sanvāda
260 _c1973
490 _aहिन्दी समिति ग्रंथमाला,116
942 _hR3xK85:1, 152K5
_cTEXL
_2CC
999 _c347572
_d347572